00427nam a2200145Ia 4500003000400000005001700004008004100021040001800062041000800080100005100088110001900139245007300158260002000231710003000251OSt20260311094504.0211028s2013 xx 000 0 und d cAIMIT LIBRARY aeng aAfsal, N Mohammed; Dsouza, Manibushan.g101717 aAravind Prabhu aAdministration modules in healthcare information management system / aMangalorec2013 aKTwo Technology Solutions